000
00235nmm a2200085Ia 4500
008
220120s9999||||xx |||||||||||||||||und||
100
_a
LFY
_9
10674
245
0
_a
Edu Morphix : A GNV / Linux distro for education, Geography,
260
_c
2005
999
_c
138640
_d
138640